| 000 | 004520000a22001810004500 | ||
|---|---|---|---|
| 003 | MACL | ||
| 005 | 20151010103435.0 | ||
| 008 | 151010b xxu||||| |||| 00| 0 eng d | ||
| 040 |
_aMACL _cMACL |
||
| 041 | _aEnglish | ||
| 082 | _a920/GUP | ||
| 100 |
_aGupta, Hemendranath Das _914208 |
||
| 245 | _aDeshbandhu Chittaranjan Das | ||
| 260 |
_bPublication Division _c1960 _aFaridabad |
||
| 350 | _a2 | ||
| 650 |
_aBiography _914209 |
||
| 942 |
_cBK _k920 _2ddc |
||
| 999 |
_c7567 _d7567 |
||